Sonografická diagnostika náhlých příhod břišních

Bibliographic Details
Main Author: Novák, Michal, 1962- (Author)
Format: Book
Language:Czech
PhysicalDescription:265 s. fotogr. 28 cm
Published: Praha Maxdorf c2004
ISBN:8073450208
Series:Jessenius
Subjects:

MARC

LEADER 00000nam a2200000 a 4500
001 vtls008773464
003 SK-MaSNL
005 20260302021248.0
008 240318s2004 xr o f f 000 0 cze
020 |a 8073450208  |q (viaz.) 
040 |a SNK  |b slo  |c SNK  |e AACR2 
041 0 |a cze 
044 |a xr  |c CZ 
072 7 |a 617  |x Ortopédia. Chirurgia. Oftalmológia  |2 konspekt 
080 |a 617.55-036.1  |2 2001 
080 |a 617.55-073  |2 2001 
080 |a (048.8)  |2 2001 
100 1 |a Novák, Michal,  |d 1962-  |4 aut  |9 87744 
245 1 0 |a Sonografická diagnostika náhlých příhod břišních  |c Michal Novák 
260 |a Praha  |b Maxdorf  |c c2004 
300 |a 265 s.  |b fotogr.  |c 28 cm 
490 1 |a Jessenius 
504 |a Obsahuje bibliogr. a reg. 
650 0 7 |a náhle príhody brušné  |2 SNKPH  |9 87441 
650 0 7 |a abdominálna ultrasonografia  |2 SNKPH  |9 468463 
655 7 |a monografie  |2 SNKPH  |9 70139 
810 2 |a Maxdorf (Praha, Česko)  |t Jessenius  |9 310482 
919 |a 80-7345-020-8 
999 |c 1028113  |d 1030043 
952 |t snkNOV 616-073  |a SNKUST  |b SNKUST  |y PREZ  |7 0  |p 17A0513625  |o snkIB 71174  |i snk2006/12519  |8 4  |g 42.22  |0 0  |1 0  |4 0  |d 2006-06-15  |l 0  |r 2025-04-30 00:00:00  |w 2026-02-24